[Event "Medellin Sub zt 2.3.2"]
[Site "Medellin"]
[Date "2025.04.19"]
[Round "9"]
[White "Nunez V, Daniel Fernando"]
[Black "Andrade Salcedo, Jorge Mario"]
[Result "0-1"]
[WhiteElo "2166"]
[BlackElo "1905"]
[PlyCount "41"]
[EventDate "2025.04.14"]
[EventType "swiss"]
[EventRounds "9"]
[EventCountry "COL"]
[SourceTitle "CB18_2025"]
[SourceDate "2025.04.30"]
[SourceVersion "1"]
[SourceVersionDate "2025.04.30"]
[SourceQuality "1"]

1. c4 e5 2. Nc3 Nc6 3. Nf3 g6 4. g3 Bg7 5. Bg2 Nge7 6. d3 d6 7. 0-0 0-0 8. Rb1 a5 9. a3 f5 10. Bd2 b6 11. b4 axb4 12. axb4 Bb7 13. c5 h6 14. b5 Na5 15. c6 Bc8 16. e4 Be6 17. Re1 Qe8 18. exf5 Nxf5 19. d4 Nc4 20. dxe5 dxe5 21. Bc1 0-1

[Event "Medellin Sub zt 2.3.2"]
[Site "Medellin"]
[Date "2025.04.16"]
[Round "4"]
[White "Nunez V, Daniel Fernando"]
[Black "Elias Reyes, Jorge Roberto"]
[Result "0-1"]
[WhiteElo "2166"]
[BlackElo "2497"]
[PlyCount "37"]
[EventDate "2025.04.14"]
[EventType "swiss"]
[EventRounds "9"]
[EventCountry "COL"]
[SourceTitle "CB18_2025"]
[SourceDate "2025.04.30"]
[SourceVersion "1"]
[SourceVersionDate "2025.04.30"]
[SourceQuality "1"]

1. e4 c5 2. Nf3 e6 3. d3 Nc6 4. g3 g6 5. Bg2 Bg7 6. 0-0 Nge7 7. c3 e5 8. a3 0-0 9. b4 cxb4 10. axb4 b5 11. d4 exd4 12. Nxd4 Nxd4 13. cxd4 d5 14. e5 Be6 15. Bg5 Qd7 16. Bxe7 Qxe7 17. Qb3 Rfc8 18. Nd2 Bh6 19. f4 0-1

[Event "COL-chT"]
[Site "Risaralda"]
[Date "2023.11.22"]
[Round "6.2"]
[White "Nunez V, Daniel Fernando"]
[Black "Obando Guzman, Soren Federico"]
[Result "1/2-1/2"]
[WhiteElo "2193"]
[BlackElo "2085"]
[PlyCount "122"]
[EventDate "2023.11.19"]
[EventType "team-swiss"]
[EventRounds "7"]
[EventCountry "COL"]
[SourceTitle "CBM 217 Extra"]
[Source "ChessBase"]
[SourceDate "2024.01.31"]
[SourceVersion "1"]
[SourceVersionDate "2024.01.31"]
[SourceQuality "1"]
[WhiteTeam "Tolima"]
[BlackTeam "Bogota"]
[WhiteTeamCountry "COL"]
[BlackTeamCountry "COL"]

1. e4 c5 2. Nf3 Nc6 3. Bb5 e5 4. c3 a6 5. Ba4 b5 6. Bc2 d5 7. d3 Nf6 8. 0-0 Bg4 9. h3 Bh5 10. Qe2 Be7 11. Nbd2 0-0 12. Re1 Re8 13. Nf1 h6 14. Ng3 Bg6 15. Nh4 Bh7 16. Nhf5 Bf8 17. a4 Rb8 18. axb5 axb5 19. Qf3 d4 20. Bb3 Na5 21. Rxa5 Qxa5 22. Nxh6+ gxh6 23. Qxf6 Qc7 24. Bxh6 Rb6 25. Bxf7+ Qxf7 26. Qxb6 Re6 27. Qxb5 Rxh6 28. cxd4 exd4 29. e5 Qd5 30. f4 Rh4 31. b4 Rxf4 32. Nh5 Rf5 33. Nf6+ Rxf6 34. exf6 Bg6 35. bxc5 Qxc5 36. Qb3+ Bf7 37. Qd1 Bh5 38. Qd2 Bg6 39. Rf1 Qd5 40. Qf4 Qd7 41. Qg5 Kf7 42. Rf3 Qe6 43. Rg3 Qf5 44. Qh4 Bd6 45. Rf3 Qe5 46. Qg4 Qe1+ 47. Rf1 Bh2+ 48. Kxh2 Qxf1 49. Qd7+ Kxf6 50. Qxd4+ Ke6 51. Qe3+ Kf6 52. d4 Qb5 53. g4 Qb8+ 54. Kg2 Bf7 55. Qf2+ Kg7 56. h4 Bd5+ 57. Kh3 Qb1 58. h5 Qh1+ 59. Kg3 Qe4 60. h6+ Kxh6 61. Qf4+ Qxf4+ 1/2-1/2

[Event "COL-chT"]
[Site "Risaralda"]
[Date "2023.11.21"]
[Round "5.2"]
[White "Otalora Pacheco, Carlos Eduardo"]
[Black "Nunez V, Daniel Fernando"]
[Result "1-0"]
[WhiteElo "2177"]
[BlackElo "2193"]
[PlyCount "111"]
[EventDate "2023.11.19"]
[EventType "team-swiss"]
[EventRounds "7"]
[EventCountry "COL"]
[SourceTitle "CBM 217 Extra"]
[Source "ChessBase"]
[SourceDate "2024.01.31"]
[SourceVersion "1"]
[SourceVersionDate "2024.01.31"]
[SourceQuality "1"]
[WhiteTeam "Boyaca"]
[BlackTeam "Tolima"]
[WhiteTeamCountry "COL"]
[BlackTeamCountry "COL"]

1. d4 Nf6 2. c4 c5 3. d5 b5 4. cxb5 a6 5. bxa6 g6 6. Nc3 Bg7 7. Nf3 0-0 8. e4 Qa5 9. Bd2 Bxa6 10. Be2 Bxe2 11. Qxe2 Qa6 12. Qxa6 Nxa6 13. Ke2 Rfb8 14. b3 d6 15. Rab1 Nd7 16. Rhd1 Nc7 17. a4 Rb7 18. Kd3 e6 19. dxe6 fxe6 20. Bf4 Ra6 21. Kc2 Bxc3 22. Kxc3 e5 23. Be3 Ne6 24. Nd2 Nd4 25. Rb2 Rab6 26. Rdb1 d5 27. exd5 Nf6 28. Nc4 Nxd5+ 29. Kd3 Re6 30. f3 e4+ 31. fxe4 Nb4+ 32. Kd2 Rd7 33. e5 Nxb3+ 34. Ke2 Nd4+ 35. Kf1 Kg7 36. h3 h6 37. a5 g5 38. Kg1 Ree7 39. Rd2 Nbc6 40. Bxd4 cxd4 41. Rb5 d3 42. Kh2 Rd4 43. Rc5 Nb4 44. Ne3 Kg6 45. Rb5 Re6 46. Rb6 Rxb6 47. axb6 Nc6 48. b7 Rb4 49. Rxd3 Nxe5 50. Rd6+ Kh7 51. Rd5 Nc6 52. Rd7+ Kg8 53. Rc7 Nd8 54. Rc8 Rxb7 55. Rxd8+ Kh7 56. Rd6 1-0

[Event "COL-ch"]
[Site "Cartagena"]
[Date "2023.06.08"]
[Round "2"]
[White "Nunez V, Daniel Fernando"]
[Black "Garcia, Juan Manuel"]
[Result "1-0"]
[WhiteElo "2206"]
[BlackElo "1784"]
[PlyCount "113"]
[EventDate "2023.06.08"]
[EventType "swiss"]
[EventRounds "9"]
[EventCountry "COL"]
[SourceTitle "CBM 215 Extra"]
[Source "ChessBase"]
[SourceDate "2023.09.30"]
[SourceVersion "1"]
[SourceVersionDate "2023.09.30"]
[SourceQuality "1"]

1. e4 e5 2. Bc4 Nc6 3. Nf3 Bc5 4. d3 h6 5. c3 Nf6 6. b4 Bb6 7. a4 a6 8. Nbd2 0-0 9. Ba2 d5 10. 0-0 dxe4 11. dxe4 Qd3 12. Bb2 Bg4 13. Bb1 Bxf3 14. Bxd3 Bxd1 15. Raxd1 Rfd8 16. Nc4 Rd7 17. Nxb6 cxb6 18. f3 Rad8 19. Bc2 Ne8 20. Bc1 Rxd1 21. Rxd1 Rxd1+ 22. Bxd1 Nd6 23. Be2 b5 24. axb5 axb5 25. g3 f6 26. Bd3 Kf7 27. f4 Ke6 28. f5+ Kf7 29. g4 Ne7 30. Be3 Nec8 31. Kf1 Nc4 32. Bc5 N8d6 33. Ke2 Ke8 34. h4 Kd7 35. Bf2 Kc6 36. Be1 Kd7 37. Kf3 Ke7 38. Bf2 Nd2+ 39. Ke3 N2c4+ 40. Ke2 Kd7 41. Bc5 Kc6 42. g5 hxg5 43. hxg5 b6 44. Bxd6 Nxd6 45. Kf3 Kd7 46. Kg4 Ke7 47. gxf6+ Kxf6 48. Kh5 Nf7 49. Bxb5 Ng5 50. Bd3 Nh3 51. Bf1 Nf4+ 52. Kg4 g6 53. fxg6 Nxg6 54. c4 Ke6 55. Kg5 Nf8 56. Bh3+ Kd6 57. Bf5 1-0

[Event "COL-ch"]
[Site "Cartagena"]
[Date "2023.06.08"]
[Round "1"]
[White "Viasus Cuellar, Juan Diego"]
[Black "Nunez V, Daniel Fernando"]
[Result "0-1"]
[WhiteElo "1371"]
[BlackElo "2206"]
[PlyCount "64"]
[EventDate "2023.06.08"]
[EventType "swiss"]
[EventRounds "9"]
[EventCountry "COL"]
[SourceTitle "CBM 215 Extra"]
[Source "ChessBase"]
[SourceDate "2023.09.30"]
[SourceVersion "1"]
[SourceVersionDate "2023.09.30"]
[SourceQuality "1"]

1. c4 Nf6 2. Nc3 g6 3. g3 Bg7 4. Bg2 d6 5. Nf3 0-0 6. 0-0 e5 7. d3 c5 8. Bg5 h6 9. Bxf6 Bxf6 10. Nd2 Nc6 11. Rb1 Bg7 12. a3 a5 13. e3 f5 14. Nd5 a4 15. b4 axb3 16. Qxb3 Ra7 17. f4 Kh7 18. Ra1 exf4 19. exf4 Bxa1 20. Rxa1 Nd4 21. Qb2 Be6 22. Nf3 Nxf3+ 23. Bxf3 Bxd5 24. Bxd5 Qe7 25. Qb6 Rfa8 26. Kf2 Rxa3 27. Re1 Ra2+ 28. Kf1 Ra1 29. Rb1 R8a2 30. Bf3 h5 31. h4 Qe3 32. Qd8 Qf2# 0-1

[Event "Mosquera op"]
[Site "Mosquera"]
[Date "2014.11.02"]
[Round "7"]
[White "Gonzalez Parejo, Ramon Junior"]
[Black "Nunez V, Daniel Fernando"]
[Result "1-0"]
[WhiteElo "2107"]
[BlackElo "2217"]
[PlyCount "49"]
[EventDate "2014.10.30"]
[EventType "swiss"]
[EventRounds "9"]
[EventCountry "COL"]
[SourceTitle "EXT 2015"]
[Source "ChessBase"]
[SourceDate "2014.11.20"]
[SourceVersion "1"]
[SourceVersionDate "2014.11.20"]
[SourceQuality "1"]

1. e4 c5 2. Nf3 Nc6 3. d4 cxd4 4. Nxd4 Nf6 5. Nxc6 bxc6 6. Bd3 e5 7. 0-0 Be7 8. Nc3 d5 9. h3 Be6 10. Qf3 0-0 11. Qg3 Nd7 12. f4 exf4 13. Bxf4 Bh4 14. Qf3 d4 15. Ne2 c5 16. b3 Bg5 17. Bd6 Be7 18. Bf4 f6 19. Qg3 Kh8 20. Bc7 Qc8 21. Nf4 Bf7 22. Nd5 Bd8 23. Bd6 Re8 24. Rae1 Ne5 25. Bb5 1-0

[Event "Mosquera op"]
[Site "Mosquera"]
[Date "2014.10.31"]
[Round "2"]
[White "Nunez V, Daniel Fernando"]
[Black "Dominguez Rincon, Miller Duvan"]
[Result "1/2-1/2"]
[WhiteElo "2217"]
[BlackElo "2066"]
[PlyCount "52"]
[EventDate "2014.10.30"]
[EventType "swiss"]
[EventRounds "9"]
[EventCountry "COL"]
[SourceTitle "EXT 2015"]
[Source "ChessBase"]
[SourceDate "2014.11.20"]
[SourceVersion "1"]
[SourceVersionDate "2014.11.20"]
[SourceQuality "1"]

1. Nf3 d5 2. c4 c6 3. e3 Nf6 4. b3 Bf5 5. Bb2 e6 6. Be2 Bd6 7. 0-0 h6 8. d3 0-0 9. Ne5 Qc7 10. f4 Nbd7 11. Nxd7 Nxd7 12. Nd2 Bc5 13. d4 Bd6 14. g4 Bh7 15. Nf3 Nf6 16. g5 Ne4 17. Bd3 hxg5 18. Bxe4 Bxe4 19. Nxg5 Bf5 20. Nf3 f6 21. a4 Kf7 22. Ba3 Rh8 23. Bxd6 Qxd6 24. c5 Qc7 25. b4 Rh3 26. Rf2 a6 1/2-1/2

[Event "COL-ch sf"]
[Site "Medellin"]
[Date "2014.??.??"]
[Round "9"]
[White "Zuluaga Mancilla, Cesar"]
[Black "Nunez V, Daniel Fernando"]
[Result "1-0"]
[WhiteElo "2344"]
[BlackElo "2208"]
[PlyCount "48"]
[EventDate "2014.04.15"]
[EventType "swiss"]
[EventRounds "11"]
[EventCountry "COL"]
[SourceTitle "CBM 160 Extra"]
[Source "ChessBase"]
[SourceDate "2014.07.01"]
[SourceVersion "1"]
[SourceVersionDate "2014.07.01"]
[SourceQuality "1"]

1. d4 Nf6 2. Nf3 g6 3. c4 Bg7 4. Nc3 d6 5. g3 0-0 6. Bg2 Nc6 7. h3 a6 8. 0-0 Rb8 9. a4 Na5 10. b3 c5 11. dxc5 Nd7 12. Bd2 dxc5 13. Rc1 Ne5 14. Nxe5 Bxe5 15. Ne4 Bf5 16. Nxc5 Bb2 17. g4 Bxc1 18. Qxc1 Bc8 19. Bf4 Ra8 20. Bh6 Re8 21. Rd1 Qb6 22. Qc3 e5 23. Ne4 Re6 24. Qb4 Bd7 1-0

[Event "Bogota University op 7th"]
[Site "Bogota"]
[Date "2013.10.12"]
[Round "6"]
[White "Castrillon Gomez, Melissa"]
[Black "Nunez V, Daniel Fernando"]
[Result "1-0"]
[WhiteElo "2143"]
[BlackElo "2233"]
[PlyCount "71"]
[EventDate "2013.10.10"]
[EventType "swiss"]
[EventRounds "9"]
[EventCountry "COL"]
[SourceTitle "CBM 156 Extra"]
[Source "ChessBase"]
[SourceDate "2013.10.22"]
[SourceVersion "1"]
[SourceVersionDate "2013.10.22"]
[SourceQuality "1"]

1. e4 g6 2. d4 Bg7 3. Be3 d6 4. f3 a6 5. Bd3 c5 6. c3 Nd7 7. Ne2 Ngf6 8. Qd2 h5 9. a4 b6 10. Na3 Bb7 11. b4 cxb4 12. cxb4 h4 13. 0-0 e5 14. Nc4 Bf8 15. dxe5 dxe5 16. Qb2 Qe7 17. b5 Nc5 18. Nxe5 Bg7 19. Bd4 Nxd3 20. Nxd3 0-0 21. Nb4 axb5 22. axb5 Rad8 23. Ra7 Rd7 24. Rxb7 Rxb7 25. Nc6 Qe6 26. Nf4 Qc4 27. Rc1 Qa4 28. Bxf6 Bh6 29. Ra1 Qc4 30. Nd5 h3 31. Bd4 f5 32. Ne5 Qc8 33. Nxg6 Rff7 34. exf5 Qxf5 35. Ra8+ Kh7 36. Nh4 1-0

[Event "COL-ch"]
[Site "Ibague"]
[Date "2013.07.06"]
[Round "9"]
[White "Nunez V, Daniel Fernando"]
[Black "Cardozo Munar, Carlos Eduardo"]
[Result "1-0"]
[WhiteElo "2225"]
[BlackElo "1990"]
[PlyCount "87"]
[EventDate "2013.07.01"]
[EventType "swiss"]
[EventRounds "11"]
[EventCountry "COL"]
[SourceTitle "EXT 2014"]
[Source "ChessBase"]
[SourceDate "2013.11.20"]
[SourceVersion "1"]
[SourceVersionDate "2013.11.20"]
[SourceQuality "1"]

1. Nf3 d5 2. g3 Nf6 3. c4 c6 4. Bg2 dxc4 5. a4 g6 6. Qc2 Bg7 7. 0-0 0-0 8. Qxc4 a5 9. d4 Na6 10. Bf4 Be6 11. Qc1 Nb4 12. Nc3 Bf5 13. Qd2 Ne4 14. Nxe4 Bxe4 15. Rfd1 Bc2 16. Rdc1 Be4 17. Be5 f6 18. Bf4 g5 19. Be3 Qd6 20. Qc3 Rfd8 21. Bh3 Bxf3 22. exf3 Kf8 23. Rd1 h6 24. Rd2 Nd5 25. Qc2 e6 26. Re1 f5 27. Rde2 Nb4 28. Qb1 Qd5 29. Bg2 Qb3 30. h4 Bf6 31. hxg5 hxg5 32. f4 g4 33. d5 Nd3 34. Rd1 Nxb2 35. Rdd2 cxd5 36. Rxb2 Bxb2 37. Rxb2 Qxa4 38. Bc5+ Kf7 39. Rxb7+ Rd7 40. Bxd5 Rxb7 41. Qxb7+ Kg6 42. Qxa8 Qd1+ 43. Kh2 exd5 44. Qg8+ 1-0

[Event "COL-ch"]
[Site "Ibague"]
[Date "2013.07.05"]
[Round "7"]
[White "Nunez V, Daniel Fernando"]
[Black "Nino, Juan Camilo"]
[Result "1/2-1/2"]
[WhiteElo "2225"]
[BlackElo "2093"]
[PlyCount "63"]
[EventDate "2013.07.01"]
[EventType "swiss"]
[EventRounds "11"]
[EventCountry "COL"]
[SourceTitle "EXT 2014"]
[Source "ChessBase"]
[SourceDate "2013.11.20"]
[SourceVersion "1"]
[SourceVersionDate "2013.11.20"]
[SourceQuality "1"]

1. e4 e6 2. d3 d5 3. Nd2 Nf6 4. Ngf3 c5 5. g3 Nc6 6. Bg2 Be7 7. 0-0 h6 8. h4 b6 9. Re1 Bb7 10. e5 Nd7 11. h5 Qc7 12. Qe2 b5 13. c4 bxc4 14. dxc4 Ba6 15. b3 Rd8 16. Bb2 Nb6 17. Bc3 dxc4 18. Nxc4 Nxc4 19. bxc4 0-0 20. Qe4 Rd7 21. g4 Rfd8 22. g5 hxg5 23. Qg4 Nd4 24. Bxd4 cxd4 25. Nxg5 Qxc4 26. Nxf7 Rf8 27. Rac1 Qxa2 28. Ra1 Qd2 29. Red1 Be2 30. Qxe6 Bxd1 31. Nh6+ Kh8 32. Nf7+ 1/2-1/2

[Event "Pamplona IRT rap op"]
[Site "Pamplona"]
[Date "2012.11.10"]
[Round "10"]
[White "Contreras, Henry"]
[Black "Nunez V, Daniel Fernando"]
[Result "0-1"]
[WhiteElo "2240"]
[BlackElo "2242"]
[PlyCount "76"]
[EventDate "2012.11.09"]
[EventType "swiss"]
[EventRounds "11"]
[EventCountry "COL"]
[SourceTitle "CBM 151 Extra"]
[Source "ChessBase"]
[SourceDate "2012.12.18"]
[SourceVersion "1"]
[SourceVersionDate "2012.12.18"]
[SourceQuality "1"]

1. e4 g6 2. d4 Bg7 3. Nc3 d6 4. f4 Nf6 5. Nf3 0-0 6. e5 Ne8 7. Be3 a6 8. a4 b6 9. Bc4 e6 10. h4 h5 11. g4 hxg4 12. Ng5 dxe5 13. fxe5 c5 14. Qxg4 cxd4 15. Bxd4 Nc6 16. 0-0-0 Nxd4 17. Rxd4 Qc7 18. Nf3 Bb7 19. Ne4 Bxe5 20. Nxe5 Qxe5 21. Rhd1 b5 22. Bb3 bxa4 23. Rxa4 Bc6 24. Rad4 a5 25. Ng5 Nf6 26. Qg1 a4 27. Re1 axb3 28. Kd2 Qa5+ 29. c3 Rad8 30. Nxe6 Rxd4+ 31. Nxd4 Ne4+ 32. Ke2 Bd5 33. Qe3 Re8 34. Kf1 Qa6+ 35. Kg1 Qf6 36. Nf3 Nd6 37. Ne5 Qxh4 38. Kf1 Nb5 0-1

[Event "Pamplona IRT rap op"]
[Site "Pamplona"]
[Date "2012.11.09"]
[Round "2"]
[White "Nunez V, Daniel Fernando"]
[Black "Cuartas, Jaime Alexander"]
[Result "0-1"]
[WhiteElo "2242"]
[BlackElo "2517"]
[PlyCount "122"]
[EventDate "2012.11.09"]
[EventType "swiss"]
[EventRounds "11"]
[EventCountry "COL"]
[SourceTitle "CBM 151 Extra"]
[Source "ChessBase"]
[SourceDate "2012.12.18"]
[SourceVersion "1"]
[SourceVersionDate "2012.12.18"]
[SourceQuality "1"]

1. e4 c5 2. Nf3 Nc6 3. Bb5 g6 4. 0-0 Bg7 5. Re1 Nf6 6. c3 0-0 7. e5 Nd5 8. d4 cxd4 9. cxd4 d6 10. h3 Nc7 11. Bxc6 bxc6 12. Nc3 Be6 13. Ne4 Bd5 14. exd6 exd6 15. Bg5 f6 16. Bf4 Bxe4 17. Rxe4 Nd5 18. Qd2 Qd7 19. Rae1 Rf7 20. Re6 Bf8 21. Bh6 Bxh6 22. Qxh6 Re7 23. Rxe7 Nxe7 24. Qf4 Nd5 25. Qe4 Kf7 26. Qh4 Kg7 27. Qe4 Rf8 28. Qd3 Qb7 29. Qc4 Qb5 30. Qxb5 cxb5 31. Rc1 Kf7 32. Nd2 Ke6 33. Ne4 Kd7 34. f3 f5 35. Nc3 Rc8 36. Ne2 Re8 37. Kf2 Nb4 38. Rc3 a5 39. a3 Nd5 40. Rc1 h5 41. g3 g5 42. Nc3 Rc8 43. Ne2 Rb8 44. f4 g4 45. hxg4 hxg4 46. Nc3 Nf6 47. Ne2 b4 48. axb4 Rxb4 49. Rc2 Ne4+ 50. Kg2 Rb3 51. Nc3 Nxc3 52. bxc3 a4 53. Kf2 Kc6 54. Ke3 a3 55. Kd3 Kb5 56. Ra2 d5 57. Ra1 Ka4 58. Ra2 Rb2 59. Rxb2 axb2 60. Kc2 Ka3 61. Kb1 Kb3 0-1

[Event "Pamplona Sub zt 2.3"]
[Site "Pamplona"]
[Date "2012.11.07"]
[Round "5"]
[White "Nunez V, Daniel Fernando"]
[Black "Gonzalez Parejo, Ramon Jr"]
[Result "1/2-1/2"]
[WhiteElo "2242"]
[BlackElo "2083"]
[PlyCount "79"]
[EventDate "2012.11.05"]
[EventType "swiss"]
[EventRounds "9"]
[EventCountry "COL"]
[SourceTitle "EXT 2013"]
[Source "ChessBase"]
[SourceDate "2012.11.22"]
[SourceVersion "1"]
[SourceVersionDate "2012.11.22"]
[SourceQuality "1"]

1. c4 c6 2. Nf3 d5 3. e3 Nf6 4. b3 Bf5 5. Bb2 Nbd7 6. Be2 e6 7. 0-0 Bd6 8. d3 0-0 9. Nh4 Bg6 10. Nxg6 hxg6 11. Nd2 Nh7 12. d4 f5 13. Nf3 Qf6 14. c5 Bc7 15. b4 Ng5 16. Nxg5 Qxg5 17. f4 Qe7 18. a4 Nf6 19. b5 Ne4 20. Bd3 g5 21. Bxe4 fxe4 22. g3 gxf4 23. gxf4 Qh4 24. Qe1 Qxe1 25. Raxe1 Ba5 26. Re2 a6 27. b6 Rf5 28. Rg2 Kf7 29. Bc1 Rh8 30. Bd2 Bxd2 31. Rxd2 Rh3 32. Re2 Kf6 33. Rff2 Rfh5 34. Rg2 Rf3 35. Rg4 Rh7 36. Rg5 Rfh3 37. Rg4 Rf3 38. Rg5 Rfh3 39. Rg4 Rf3 40. Rg5 1/2-1/2

[Event "Pamplona IRT blitz op"]
[Site "Pamplona"]
[Date "2012.11.04"]
[Round "6.10"]
[White "Castaneda, Jorge Luis"]
[Black "Nunez V, Daniel Fernando"]
[Result "1-0"]
[WhiteElo "2182"]
[BlackElo "2242"]
[PlyCount "80"]
[EventDate "2012.11.04"]
[EventType "swiss (blitz)"]
[EventRounds "18"]
[EventCountry "COL"]
[SourceTitle "EXT 2024"]
[Source "ChessBase"]
[SourceDate "2023.10.10"]
[SourceVersion "1"]
[SourceVersionDate "2023.10.10"]
[SourceQuality "1"]

1. c4 Nf6 2. Nc3 b6 3. e4 e5 4. g3 Nc6 5. Bg2 Be7 6. Nge2 0-0 7. 0-0 d6 8. d4 Re8 9. h3 h6 10. Be3 Bf8 11. d5 Nb8 12. b4 a5 13. a3 Nbd7 14. Qc2 Ba6 15. Na4 Qe7 16. Rfc1 g6 17. c5 dxc5 18. bxc5 Nxc5 19. Nxc5 bxc5 20. Nc3 Nd7 21. Na4 c4 22. Bf1 Reb8 23. Bxc4 Bxc4 24. Qxc4 Nb6 25. Qc2 Nxa4 26. Qxa4 Rb7 27. Rc3 Qd6 28. Rac1 Qd8 29. Rc6 Bd6 30. Bxh6 Qb8 31. R6c3 Rb2 32. Be3 Qb7 33. Bc5 Qa6 34. Bxd6 cxd6 35. Qc6 Ra2 36. Rb1 Ra7 37. Qxa6 Rxa6 38. Rb8+ Kg7 39. Rb7 Re2 40. Rf3 Ra8 1-0

[Event "Pamplona IRT blitz op"]
[Site "Pamplona"]
[Date "2012.11.04"]
[Round "5.10"]
[White "Nunez V, Daniel Fernando"]
[Black "Castaneda, Jorge Luis"]
[Result "1-0"]
[WhiteElo "2242"]
[BlackElo "2182"]
[PlyCount "101"]
[EventDate "2012.11.04"]
[EventType "swiss (blitz)"]
[EventRounds "18"]
[EventCountry "COL"]
[SourceTitle "EXT 2024"]
[Source "ChessBase"]
[SourceDate "2023.10.10"]
[SourceVersion "1"]
[SourceVersionDate "2023.10.10"]
[SourceQuality "1"]

1. Nf3 Nf6 2. g3 g6 3. Bg2 Bg7 4. c4 0-0 5. 0-0 d6 6. Nc3 Nc6 7. Rb1 a5 8. a3 e5 9. d3 h6 10. b4 axb4 11. axb4 Be6 12. b5 Ne7 13. Bb2 Qd7 14. Re1 Bh3 15. Bh1 Ng4 16. Qb3 Kh8 17. Nd5 f5 18. b6 c6 19. Nxe7 Qxe7 20. Ra1 Rab8 21. Ra7 Qe6 22. Nd2 f4 23. Bf3 fxg3 24. hxg3 Rf7 25. Qa3 Rbf8 26. Ra8 h5 27. Ne4 Rd7 28. Ng5 Qe7 29. Nxh3 Nf6 30. Rxf8+ Qxf8 31. Ra1 Qe7 32. Qc3 Ng4 33. Qd2 Bh6 34. Ra8+ Kh7 35. Qa5 Qe6 36. Kg2 Rf7 37. Rd8 Qe7 38. Qa8 Bg7 39. Be4 Nh6 40. Bc1 Bf6 41. Re8 Qd7 42. Qc8 Qxc8 43. Rxc8 Nf5 44. Ng5+ Bxg5 45. Bxg5 Nd4 46. e3 Nb3 47. Rc7 Kg7 48. Rxf7+ Kxf7 49. Bxc6 Nc5 50. Bd5+ Kg7 51. d4 1-0

[Event "Pamplona IRT blitz op"]
[Site "Pamplona"]
[Date "2012.11.04"]
[Round "17.14"]
[White "Nunez V, Daniel Fernando"]
[Black "Puentes, Alvaro"]
[Result "1-0"]
[WhiteElo "2242"]
[BlackElo "2116"]
[PlyCount "27"]
[EventDate "2012.11.04"]
[EventType "swiss (blitz)"]
[EventRounds "18"]
[EventCountry "COL"]
[SourceTitle "EXT 2024"]
[Source "ChessBase"]
[SourceDate "2023.10.10"]
[SourceVersion "1"]
[SourceVersionDate "2023.10.10"]
[SourceQuality "1"]

1. Nf3 f5 2. g3 Nf6 3. Bg2 e6 4. c4 d5 5. b3 Bd6 6. Bb2 0-0 7. 0-0 c6 8. d4 Ne4 9. Nbd2 Qe7 10. Ne5 Bd7 11. Ndf3 Be8 12. Qc2 Nd7 13. Nxd7 Bxd7 14. Rae1 1-0

[Event "Pamplona IRT blitz op"]
[Site "Pamplona"]
[Date "2012.11.04"]
[Round "18.14"]
[White "Puentes, Alvaro"]
[Black "Nunez V, Daniel Fernando"]
[Result "0-1"]
[WhiteElo "2116"]
[BlackElo "2242"]
[PlyCount "74"]
[EventDate "2012.11.04"]
[EventType "swiss (blitz)"]
[EventRounds "18"]
[EventCountry "COL"]
[SourceTitle "EXT 2024"]
[Source "ChessBase"]
[SourceDate "2023.10.10"]
[SourceVersion "1"]
[SourceVersionDate "2023.10.10"]
[SourceQuality "1"]

1. b4 a5 2. b5 c6 3. e3 e5 4. Bb2 d6 5. c4 g6 6. Nf3 Bg7 7. d4 Qe7 8. Be2 e4 9. Nfd2 Nf6 10. 0-0 0-0 11. Re1 h5 12. Nc3 Bf5 13. Nf1 h4 14. a4 Nbd7 15. Ba3 c5 16. dxc5 Nxc5 17. Rc1 Rfe8 18. Nd5 Nxd5 19. Qxd5 Rac8 20. Red1 Red8 21. Bxc5 dxc5 22. g4 Rxd5 23. cxd5 Bd7 24. h3 b6 25. Bc4 Qd6 26. Nd2 f5 27. Be2 Kh7 28. Nc4 Qb8 29. d6 Rf8 30. gxf5 gxf5 31. Rd2 f4 32. Rd5 f3 33. Bf1 Qd8 34. Kh2 Be6 35. Rd2 Qg5 36. Nxb6 Be5+ 37. Kh1 Rg8 0-1

[Event "Latin Cup-A 3rd"]
[Site "Cali"]
[Date "2012.10.07"]
[Round "6"]
[White "Nunez V, Daniel Fernando"]
[Black "Vacca, Leonardo"]
[Result "1-0"]
[WhiteElo "2211"]
[BlackElo "2050"]
[PlyCount "56"]
[EventDate "2012.10.04"]
[EventType "swiss"]
[EventRounds "9"]
[EventCountry "COL"]
[SourceTitle "CBM 150 Extra"]
[Source "ChessBase"]
[SourceDate "2012.10.19"]
[SourceVersion "1"]
[SourceVersionDate "2012.10.19"]
[SourceQuality "1"]

1. Nf3 c5 2. e4 a6 3. c3 d5 4. exd5 Qxd5 5. d4 Bg4 6. Be2 cxd4 7. cxd4 e6 8. 0-0 Nf6 9. Nc3 Qd6 10. Bg5 Be7 11. Qa4+ Nbd7 12. Bxf6 gxf6 13. d5 Qb4 14. Qc2 0-0 15. Rad1 e5 16. h3 Bxf3 17. Bxf3 Bd6 18. Qf5 Rfd8 19. Be4 Nf8 20. Rd3 Rac8 21. h4 Qxb2 22. Rg3+ Ng6 23. Nd1 Qxa2 24. h5 Be7 25. Ne3 Kf8 26. hxg6 hxg6 27. Qh3 Bc5 28. Bxg6 Bxe3 1-0

[Event "Latin Cup-A 3rd"]
[Site "Cali"]
[Date "2012.10.06"]
[Round "4"]
[White "Nunez V, Daniel Fernando"]
[Black "Ortiz Suarez, Isan Reynaldo"]
[Result "0-1"]
[WhiteElo "2211"]
[BlackElo "2579"]
[PlyCount "66"]
[EventDate "2012.10.04"]
[EventType "swiss"]
[EventRounds "9"]
[EventCountry "COL"]
[SourceTitle "CBM 150 Extra"]
[Source "ChessBase"]
[SourceDate "2012.10.19"]
[SourceVersion "1"]
[SourceVersionDate "2012.10.19"]
[SourceQuality "1"]

1. Nf3 c5 2. c4 Nc6 3. d4 cxd4 4. Nxd4 Nf6 5. Nc3 Qb6 6. Nc2 e6 7. g3 Ne5 8. b3 Nfg4 9. Ne4 f5 10. h3 fxe4 11. hxg4 Bc5 12. Be3 Nxg4 13. Bxc5 Qxc5 14. e3 Ne5 15. Be2 0-0 16. Nd4 b6 17. Qd2 Bb7 18. Rh4 Qe7 19. Nb5 Qf6 20. 0-0-0 Ng6 21. Rh2 Qa1+ 22. Kc2 Qxa2+ 23. Kc3 Qxd2+ 24. Rxd2 a6 25. Nd6 Bc6 26. Bd1 Ne5 27. Kd4 Nf7 28. Nxe4 d5 29. cxd5 Bxd5 30. f3 Rac8 31. Nc3 Bb7 32. Kd3 Bxf3 33. Kc2 Ng5 0-1